<?xml version="1.0" encoding="UTF-8"?>
<record
    xmlns:xsi="http://www.w3.org/2001/XMLSchema-instance"
    xsi:schemaLocation="http://www.loc.gov/MARC21/slim http://www.loc.gov/standards/marcxml/schema/MARC21slim.xsd"
    xmlns="http://www.loc.gov/MARC21/slim">

  <leader>     nam a22        4500</leader>
  <datafield tag="999" ind1=" " ind2=" ">
    <subfield code="c">138453</subfield>
    <subfield code="d">138451</subfield>
  </datafield>
  <controlfield tag="005">20180710093239.0</controlfield>
  <controlfield tag="008">180221b        sp ||||| |||| 00| 0 spa d</controlfield>
  <datafield tag="020" ind1=" " ind2=" ">
    <subfield code="a">9788484892939 (Iberoamericana : r&#xFA;stica)</subfield>
  </datafield>
  <datafield tag="020" ind1=" " ind2=" ">
    <subfield code="a">9783865273178 (Vervuert : r&#xFA;stica)</subfield>
  </datafield>
  <datafield tag="050" ind1="0" ind2="4">
    <subfield code="a">PQ7207.H5 </subfield>
    <subfield code="b">S49 2007</subfield>
  </datafield>
  <datafield tag="100" ind1="1" ind2=" ">
    <subfield code="a">Seydel, Ute.</subfield>
  </datafield>
  <datafield tag="245" ind1="1" ind2="0">
    <subfield code="a">Narrar historia(s) :</subfield>
    <subfield code="b">la ficcionalizacion de temas hist&#xF3;ricos por las escritoras mexicanas Elena Garro, Rosa Beltr&#xE1;n y Carmen Boullosa (un acercamiento transdisciplinario a la ficci&#xF3;n hist&#xF3;rica) </subfield>
    <subfield code="c">/ Ute Seydel</subfield>
  </datafield>
  <datafield tag="246" ind1="3" ind2="0">
    <subfield code="a">Narrar historias</subfield>
  </datafield>
  <datafield tag="250" ind1=" " ind2=" ">
    <subfield code="a">1a ed.</subfield>
  </datafield>
  <datafield tag="260" ind1=" " ind2=" ">
    <subfield code="a">Madrid :</subfield>
    <subfield code="a">Frankfurt am Main :</subfield>
    <subfield code="b">Iberoamericana ;  </subfield>
    <subfield code="b">Vervuert, </subfield>
    <subfield code="c">2007.</subfield>
  </datafield>
  <datafield tag="300" ind1=" " ind2=" ">
    <subfield code="a">540 p. ; </subfield>
    <subfield code="c">23 cm. </subfield>
  </datafield>
  <datafield tag="490" ind1=" " ind2=" ">
    <subfield code="a">Teoria y critica de la cultura y literatura  </subfield>
    <subfield code="v"> ; v. 37 </subfield>
  </datafield>
  <datafield tag="490" ind1=" " ind2=" ">
    <subfield code="a">Theorie und Kritik der Kultur und Literatur </subfield>
    <subfield code="v"> ; v. 37 </subfield>
  </datafield>
  <datafield tag="490" ind1=" " ind2=" ">
    <subfield code="a">Theory and criticism of culture and literature </subfield>
    <subfield code="v"> ; v. 37</subfield>
  </datafield>
  <datafield tag="500" ind1=" " ind2=" ">
    <subfield code="a">Nota :  Presentado originalmente como tesis del autor (doctoral -- Universit&#xE4;t Potsdam, 2004)</subfield>
  </datafield>
  <datafield tag="600" ind1="1" ind2=" ">
    <subfield code="a">Garro, Elena. </subfield>
    <subfield code="t">Recuerdos del porvenir</subfield>
  </datafield>
  <datafield tag="600" ind1="1" ind2=" ">
    <subfield code="a">Beltr&#xE1;n, Rosa, </subfield>
    <subfield code="d">[1960-      ]</subfield>
    <subfield code="t">Corte de los ilusos</subfield>
  </datafield>
  <datafield tag="600" ind1="1" ind2=" ">
    <subfield code="a">Boullosa, Carmen,</subfield>
    <subfield code="d">[1954-     ] </subfield>
    <subfield code="t">Duerme</subfield>
  </datafield>
  <datafield tag="650" ind1=" " ind2="7">
    <subfield code="2">LEMB</subfield>
    <subfield code="a">Novela hist&#xF3;rica mexicana </subfield>
    <subfield code="x">Historia y critica</subfield>
    <subfield code="y">Siglo XX</subfield>
  </datafield>
  <datafield tag="942" ind1=" " ind2=" ">
    <subfield code="2">lcc</subfield>
    <subfield code="c">LIB</subfield>
  </datafield>
  <datafield tag="952" ind1=" " ind2=" ">
    <subfield code="1">0</subfield>
    <subfield code="2">lcc</subfield>
    <subfield code="4">0</subfield>
    <subfield code="7">0</subfield>
    <subfield code="a">INV-033</subfield>
    <subfield code="b">INV-033</subfield>
    <subfield code="c">GENERAL</subfield>
    <subfield code="d">2018-02-21</subfield>
    <subfield code="f">1a ed.</subfield>
    <subfield code="i">H</subfield>
    <subfield code="k">EH</subfield>
    <subfield code="o">PQ7207.H5 S49 2007</subfield>
    <subfield code="p">IIH000016011</subfield>
    <subfield code="r">2018-02-21 00:00:00</subfield>
    <subfield code="t">C:1</subfield>
    <subfield code="y">LIB</subfield>
    <subfield code="z">GENERAL </subfield>
  </datafield>
</record>
